00307nam a2200097Ia 4500008004100000041000800041100002600049245008200075260003300157999001900190241105s9999 xx 000 0 und d aeng aJacob Preethy9182674 aLandscape Development For Msw Dump Site At Perungudi In Pallikkarani Wetlands bM Arch Landscape, Punec2014 c360965d360965